Catálogo público

Identificación de enfermedades fungosas en durazno (Prunus pérsica) en Ucareo, Michoacán / (Record no. 220483)

MARC details
000 -CABECERA
campo de control de longitud fija 02807nam a2200325 a 4500
003 - IDENTIFICADOR DEL NÚMERO DE CONTROL
campo de control OSt
005 - FECHA Y HORA DE LA ÚLTIMA TRANSACCIÓN
campo de control 20250423105057.0
007 - CAMPO FIJO DE DESCRIPCIÓN FÍSICA--INFORMACIÓN GENERAL
campo de control de longitud fija cr ||||||a|c|a
008 - DATOS DE LONGITUD FIJA--INFORMACIÓN GENERAL
campo de control de longitud fija 250224s2024 mx a|||fom||| 001 0 spa d
040 ## - FUENTE DE LA CATALOGACIÓN
Normas de descripción rda
100 1# - ENTRADA PRINCIPAL--NOMBRE DE PERSONA
Nombre de persona Madrigal Mendoza, Selene Lizbeth
9 (RLIN) 190157
245 10 - MENCIÓN DE TÍTULO
Título Identificación de enfermedades fungosas en durazno (Prunus pérsica) en Ucareo, Michoacán /
Mención de responsabilidad, etc. por Selene Lizbeth Madrigal Mendoza; director de tesis Santos Gerardo Leyva Mir; secretario Isabel Nativitas Lima; vocal Moises Camacho Tapia; suplente Calixto Leopoldo Carrillo Fonseca; suplente Candelario Santillan Ortega.
264 #1 - PRODUCCIÓN, PUBLICACIÓN, DISTRIBUCIÓN, FABRICACIÓN Y COPYRIGHT
Producción, publicación, distribución, fabricación y copyright Chapingo, México :
Nombre del de productor, editor, distribuidor, fabricante El autor,
Fecha de producción, publicación, distribución, fabricación o copyright 2024.
300 ## - DESCRIPCIÓN FÍSICA
Extensión 1 recurso en línea (54 páginas):
Otras características físicas cuadros, figuras.
336 ## - TIPO DE CONTENIDO
Fuente rdacontent
Término de tipo de contenido texto
Código de tipo de contenido txt
337 ## - TIPO DE MEDIO
Fuente rdamedia
Nombre/término del tipo de medio computadora
Código del tipo de medio c
338 ## - TIPO DE SOPORTE
Fuente rdacarrier
Nombre/término del tipo de soporte recurso en línea
Código del tipo de soporte cr
502 ## - NOTA DE TESIS
Tipo de título Ingeniero Agrónomo Especialista en Parasitología Agrícola
Nombre de la institución que otorga el título Departamento de Enseñanza, Investigación y Servicio en Parasitología Agrícola,
Año de obtención del título 2024.
Información miscelánea Licenciatura
504 ## - NOTA DE BIBLIOGRAFÍA, ETC.
Nota de bibliografía, etc. Incluye referencias bibliográficas: páginas 49-51.
520 ## - SUMARIO, ETC.
Sumario, etc. El durazno (Prunus persica L Bastch) es un cultivo de climas templados. Pertenece a la familia rosaceae. Existen diversas causas que afectan el valor comercial del cultivo como las enfermedades causadas por hongos, principalmente en fruto, hojas y raíces. En la zona de Zinapécuaro, Michoacán, se muestrearon 50 árboles de los cuales se obtuvieron hojas, frutos y raíces de durazno, con síntomas característicos de enfermedades fúngicas. En el laboratorio de Parasitología Agrícola en la Universidad Autónoma Chapingo se aislaron utilizando como medios de cultivo, PDA sintético, Agua-Agar y Malta-Agar. La caracterización molecular se realizó mediante extracción de ADN a partir de aislados con siete días previos de crecimiento. Se determinó que el síntoma colectado coincide con el agente causal aislado. Según los resultados obtenidos se logró la identificación de 6 hongos; de los cuales en fruto se encuentran Cladosporium sp y Sphaeroteca pannosa. Mientras que en la raíz fue determinada la presencia de Fusarium oxisporum y Mortierella sp., afectando el área de las hojas se presentó un 100% de Taphrina deformans. Se detectó también Didymella glomerata como agente causal de cancro en ramas y tallos.
650 #4 - PUNTO DE ACCESO ADICIONAL DE MATERIA--TÉRMINO DE MATERIA
Término de materia o nombre geográfico como elemento de entrada Durazno
Subdivisión general Enfermedades por hongos
9 (RLIN) 34595
650 #4 - PUNTO DE ACCESO ADICIONAL DE MATERIA--TÉRMINO DE MATERIA
Término de materia o nombre geográfico como elemento de entrada Hongos
Subdivisión general Identificación
9 (RLIN) 56105
700 1# - PUNTO DE ACCESO ADICIONAL--NOMBRE DE PERSONA
Nombre de persona Leyva Mir, Santos Gerardo
9 (RLIN) 66581
Término indicativo de función/relación Director de tesis.
700 1# - PUNTO DE ACCESO ADICIONAL--NOMBRE DE PERSONA
Nombre de persona Nativitas Lima, Isabel
9 (RLIN) 129577
Término indicativo de función/relación Secretario.
700 1# - PUNTO DE ACCESO ADICIONAL--NOMBRE DE PERSONA
Nombre de persona Camacho Tapia, Moises
9 (RLIN) 17710
Término indicativo de función/relación Vocal.
700 1# - PUNTO DE ACCESO ADICIONAL--NOMBRE DE PERSONA
Nombre de persona Carrillo Fonseca, Calixto Leopoldo
9 (RLIN) 19482
Término indicativo de función/relación Suplente.
700 0# - PUNTO DE ACCESO ADICIONAL--NOMBRE DE PERSONA
Nombre de persona Santillán Ortega, Candelario
9 (RLIN) 102429
Término indicativo de función/relación Suplente.
856 ## - LOCALIZACIÓN Y ACCESO ELECTRÓNICOS
Identificador Uniforme del Recurso http://10.13.5.2/tesis/tl/1611404-5_MADRIGAL_MENDOZA_SELENELIZBETH.pdf
Nota pública DESCARGAR PDF
942 ## - ELEMENTOS DE PUNTO DE ACCESO ADICIONAL (KOHA)
Fuente del sistema de clasificación o colocación Clasificación Universidad Autónoma Chapingo
Tipo de ítem Koha Tesis digital
Holdings
Estado de retiro Estado de pérdida Fuente del sistema de clasificación o colocación Estado dañado Restricciones de uso No para préstamo Código de colección Localización permanente Ubicación/localización actual Ubicación en estantería Fecha de adquisición Total de préstamos Signatura topográfica completa Fecha visto por última vez Precio válido a partir de Tipo de ítem Koha
    Clasificación Universidad Autónoma de Chapingo   Préstamo interno   Tesis digitales de Licenciatura Biblioteca Digital Biblioteca Digital En línea 24/02/2025   Tesis digital 24/02/2025 24/02/2025 Tesis digital